Essential oils against bacterial biofilm formation and quorum sensing of food-borne pathogens and spoilage microorganisms
Elmentve itt :
| Szerzők: | |
|---|---|
| Dokumentumtípus: | Könyv része |
| Megjelent: |
Formatex Research Center
Badajoz
2015
|
| Sorozat: | Microbiology Book Series
Volume 1 No. 5 The Battle Against Microbial Pathogens: Basic Science, Technological Advances and Educational Programs Volume 1 No. 5 |
| mtmt: | 2964408 |
| Online Access: | http://publicatio.bibl.u-szeged.hu/6469 |
| LEADER | 01293naa a2200313 i 4500 | ||
|---|---|---|---|
| 001 | publ6469 | ||
| 005 | 20180830144051.0 | ||
| 008 | 160308s2015 hu o 0|| zxx d | ||
| 020 | |a 978-84-942134-6-5 | ||
| 024 | 7 | |a 2964408 |2 mtmt | |
| 040 | |a SZTE Publicatio Repozitórium |b hun | ||
| 041 | |a zxx | ||
| 100 | 1 | |a Kerekes Erika Beáta | |
| 245 | 1 | 0 | |a Essential oils against bacterial biofilm formation and quorum sensing of food-borne pathogens and spoilage microorganisms |h [elektronikus dokumentum] / |c Kerekes Erika Beáta |
| 260 | |a Formatex Research Center |b Badajoz |c 2015 | ||
| 300 | |a 429-437 | ||
| 490 | 0 | |a Microbiology Book Series |v Volume 1 No. 5 | |
| 490 | 0 | |a The Battle Against Microbial Pathogens: Basic Science, Technological Advances and Educational Programs |v Volume 1 No. 5 | |
| 700 | 0 | 1 | |a Vidács Anita |e aut |
| 700 | 0 | 2 | |a Törökné Jenei Julianna |e aut |
| 700 | 0 | 2 | |a Gömöri Csilla |e aut |
| 700 | 0 | 2 | |a Takó Miklós |e aut |
| 700 | 0 | 2 | |a Chandrasekaran M. |e aut |
| 700 | 0 | 2 | |a Kadaikunnan S. |e aut |
| 700 | 0 | 2 | |a Alharbi N. S. |e aut |
| 700 | 0 | 2 | |a Krisch Judit |e aut |
| 700 | 0 | 2 | |a Vágvölgyi Csaba |e aut |
| 856 | 4 | 0 | |u http://publicatio.bibl.u-szeged.hu/6469/1/429_437_u.pdf |z Dokumentum-elérés |
| 856 | 4 | 0 | |u http://publicatio.bibl.u-szeged.hu/6469/7/cover_contents.pdf |z Dokumentum-elérés |